000 00305nam a22001457a 4500
008 221012b ||||| |||| 00| 0 eng d
020 _a9780697053244
041 _aeng
080 _a51
082 _a51
100 _a20.1
101 _aMATE
245 _aCOLLEGE ALGEBRA
_cCHRISTY D
942 _2udc
_cBK
999 _c58516
_d58516